| 000 | 00519nam a2200157Ia 4500 | ||
|---|---|---|---|
| 001 | 2471 | ||
| 003 | GE_BSU | ||
| 008 | 181216s||||||||xx |||||||||||||| ||und|| | ||
| 040 | _cGE_BSU | ||
| 080 | _a376.3 | ||
| 245 | _aსწავლის უნარის დაქვეითება | ||
| 245 | _bზოგადი ასპექტები.(ნაწ.1) | ||
| 245 | _cრედ.თ. პაჭკორია | ||
| 653 | _aსწავლის უნარის დაქვეითება | ||
| 942 | _cBK | ||
| 999 |
_c36552 _d36552 |
||